LEADER 01006nam1-22002891i-450- 001 990000132500403321 035 $a000013250 035 $aFED01000013250 035 $a(Aleph)000013250FED01 035 $a000013250 100 $a20011111d--------km-y0itay50------ba 101 0 $aita 105 $ay-------001yy 200 1 $aOperazioni topografiche$elavoro ad uso degl'ingegneri, degli architetti, dei periti in costruzione e di quanti sitrovano applicati alla direzione ed alla sorveglianza di costruzioni civili, stradali ed idrauliche$fper Curioni Giovanni. 210 $aTorino$cPresso A.F. Negro$d1874- 215 $av.$d24 cm 463 \1$1001990000174890403321$12001 $a[Testo]. 470 p. 463 \1$1001990000174900503321$12001 $a[Tavole]. 7 p., 32 tav. : ill. 610 0 $aTopografia 676 $a526.89 700 1$aCurioni,$bGiovanni$f<1831-1887> 801 0$aIT$bUNINA$gRICA$2UNIMARC 901 $aBK 912 $a990000132500403321 959 $aFINBC 997 $aUNINA DB $aING01